000
00318 a2200133 4500
001
154104
040
_c
Escola São Tomás de Aquino
240
1
0
_a
Saraiva infantil de A a Z
_l
por
245
1
0
_a
Saraiva infantil de A a Z
362
0
_a
2008
440
1
_a
Saraiva
697
_a
Dicionário de português
942
_c
MATP
999
_c
154104
_d
154104